Magellan / (Record no. 22579)

000 -LEADER
fixed length control field 01001nam a22002417a 4500
008 - FIXED-LENGTH DATA ELEMENTS--GENERAL INFORMATION
fixed length control field 260416b xxu||||| |||| 00| 0 eng d
050 ## - LIBRARY OF CONGRESS CALL NUMBER
Classification number 791.4372
Item number D5425
245 ## - TITLE STATEMENT
Title Magellan /
Remainder of title Directed and written by Diaz, Lav.
246 ## - VARYING FORM OF TITLE
Title proper/short title Magallanes
260 ## - PUBLICATION, DISTRIBUTION, ETC. (IMPRINT)
Place of publication, distribution, etc Philippines, Spain, Portugal, France, Taiwan :
Name of publisher, distributor, etc AKP21, Andergraun films, Black Cap Pictures,
Date of publication, distribution, etc 2025.
300 ## - PHYSICAL DESCRIPTION
Extent 1 video file (ca. 160 mins.) :
Other physical details sound, color.
520 ## - SUMMARY, ETC.
Summary, etc Portuguese navigator Ferdinand Magellan leads a Spanish expedition to the Spice Islands in 1519. He quells mutinies, attempts to subjugate indigenous people and ultimately faces death in the Philippines.
546 ## - LANGUAGE NOTE
Language note In English, Portuguese, Spanish, and Filipino (Tagalog).
650 ## - SUBJECT ADDED ENTRY--TOPICAL TERM
Topical term or geographic name as entry element Adventure
650 ## - SUBJECT ADDED ENTRY--TOPICAL TERM
Topical term or geographic name as entry element Biography
650 ## - SUBJECT ADDED ENTRY--TOPICAL TERM
Topical term or geographic name as entry element Drama
650 ## - SUBJECT ADDED ENTRY--TOPICAL TERM
Topical term or geographic name as entry element History
700 ## - ADDED ENTRY--PERSONAL NAME
Personal name Diaz, Lav, director and writer.
700 ## - ADDED ENTRY--PERSONAL NAME
Personal name Bernal, Gael Garcia, actor.
700 ## - ADDED ENTRY--PERSONAL NAME
Personal name Azevedo, Angela, actor.
700 ## - ADDED ENTRY--PERSONAL NAME
Personal name Babon, Amado Arjay, actor.
942 ## - ADDED ENTRY ELEMENTS (KOHA)
Source of classification or shelving scheme
Item type Audio-Visual Materials
Holdings
Source of acquisition Price effective from Permanent location Date last seen Not for loan Date acquired Source of classification or shelving scheme Koha item type Collection code Shelving location Damaged status Lost status Withdrawn status Current location
Donations2026-04-16Cagayan State University - Carig Library2026-04-16 2026-04-16 Audio-Visual MaterialsElectronic Media CenterElectronic Media Center   Cagayan State University - Carig Library

Cagayan State University University Library, Carig Campus
Tuguegarao City, Cagayan 3500 | www.csucarig.edu.ph

Powered by Koha